000 00482nam a2200193Ia 4500
005 20250326124326.0
008 250326s9999 xx 000 0 und d
037 _aTextbook
040 _aFMSL
_beng
_cFMSL
041 _aeng
_2eng
084 _aX:7 K7
_qFMSL
100 _aStigler G J
_9321242
245 0 _aTheory of price
_cStigler G J
250 _a3
260 _aNY
_bNY, Macmillan
_c1967
300 _a355p
942 _cTB
_hX:7 K7
999 _c1273275
_d1273275